UBT Library

Microbiology / (Record no. 47012)

000 -LEADER
fixed length control field 00658nam a2200229 a 4500
001 - CONTROL NUMBER
control field 4928683
005 - DATE AND TIME OF LATEST TRANSACTION
control field 20180813041311.0
008 - FIXED-LENGTH DATA ELEMENTS--GENERAL INFORMATION
fixed length control field 960215s1996 iaua b 001 0 eng
010 ## - LIBRARY OF CONGRESS CONTROL NUMBER
LC control number 95080772
020 ## - INTERNATIONAL STANDARD BOOK NUMBER
International Standard Book Number 0697293904 (main text)
040 ## - CATALOGING SOURCE
Original cataloging agency DLC
Transcribing agency DLC
041 ## - LANGUAGE CODE
Language code of text/sound track or separate title eng
080 ## - UNIVERSAL DECIMAL CLASSIFICATION NUMBER
Universal Decimal Classification number 576
082 00 - DEWEY DECIMAL CLASSIFICATION NUMBER
Classification number 576
Edition number 20
100 1# - Rafti
Rafti 11
101 ## - Shkurtesa
Shkurtesa MIC
245 10 - TITLE STATEMENT
Title Microbiology /
Statement of responsibility, etc Lansing M. Prescott, John P. Harley, Donald A. Klein.
504 ## - BIBLIOGRAPHY, ETC. NOTE
Bibliography, etc Includes bibliographical references and index.
906 ## - LOCAL DATA ELEMENT F, LDF (RLIN)
a 7
b cbc
c orignew
d 3
e opcn
f 19
g y-gencatlg
942 ## - ADDED ENTRY ELEMENTS (KOHA)
Source of classification or shelving scheme
Item type Books
Holdings
Withdrawn status Lost status Source of classification or shelving scheme Damaged status Not for loan Collection code Permanent location Current location Shelving location Date acquired Total Checkouts Full call number Barcode Date last seen Price effective from Koha item type
          Koleksioni i përgjithshem UBT - Lipjan UBT - Lipjan Koleksioni i përgjithshem 08/13/2018   576 LAN 002-3010825 08/13/2018 08/13/2018 Books
UBT Library © 2015-2024. All rights reserved University Education for Business and Technology